| 000 | 00965cam a22002531 4500 | ||
|---|---|---|---|
| 001 | sa 66005096 | ||
| 003 | DLC | ||
| 005 | 20260227112247.0 | ||
| 008 | 771031m19649999ii c 000 0 eng | ||
| 010 | _asa 66005096 | ||
| 035 | _a(OCoLC)3382823 | ||
| 040 |
_aDLC _cTxU _dTxU _dDLC |
||
| 042 | _apremarc | ||
| 050 | 0 | 0 |
_aZ6605.S3 _bD4 |
| 110 | 2 | _aDeccan College Post-graduate and Research Institute | |
| 245 | 1 | 0 | _aCatalogue of Sanskrit manuscripts in the Deccan College Postgraduate and Research Institute, Poona. |
| 260 |
_aPoona, _c1964- |
||
| 300 |
_a v. _c25 cm. |
||
| 490 | 1 |
_aIts Deccan College Monograph series, _v28 |
|
| 505 | 0 | _av. 1. Veda, edited by Madhukar Anant Mehendale.--v. 2. Kāvya manuscripts.--v. 3. Dharmaśastra manuscripts. | |
| 650 | 0 |
_aManuscripts, Sanskrit _vCatalogs. |
|
| 700 | 1 |
_aMehendale, M. A. _q(Madhukar Anant) _eed. |
|
| 810 | 2 |
_aDeccan College Post-graduate and Research Institute. _tDeccan College Monograph series, _v28. |
|
| 999 |
_c69803 _d69803 |
||